Gorilla tag but jmancurly friends - Statistics

General Stats
  • This quiz has been taken 57 times
  • The average score is 5 of 9
Answer Stats
Answer % Correct
Elliot Won a mgt
95%
Vmt Is a hillbilly
95%
Erik1515 First player on gtag
86%
K9 Is a dog
84%
Cracker First friend
62%
Gonzalez A baby
41%
Jolyne Moderator
41%
Turbo Alligator Met a vidcon
14%
Troutvr Creator of 2 games
11%
No matching quizzes found
Score Distribution
Percent of People with Each Score
Percentile by Number Answered
Your Score History
You have not taken this quiz